|
|
|
|
| LEADER |
00000cas a2200000 a 4500 |
| 001 |
vtls010300223 |
| 003 |
SK-MaSNL |
| 005 |
20260228162757.0 |
| 008 |
110810d19401941xo mr p r 0 b0slo |
| 040 |
|
|
|a SNK
|b slo
|c SNK
|e AACR2
|
| 041 |
0 |
|
|a slo
|a ger
|
| 044 |
|
|
|a xo
|c SK
|
| 072 |
|
7 |
|a 551
|x Geológia. Meteorológia. Klimatológia
|2 konspekt
|
| 072 |
|
7 |
|a 556
|x Hydrológia
|2 konspekt
|
| 080 |
|
|
|a 551.5
|2 2001
|
| 080 |
|
|
|a 556
|2 2011
|
| 080 |
|
|
|a 050
|2 2011
|
| 080 |
|
|
|a 551.579
|2 2011
|
| 080 |
|
|
|a (083.4)
|2 2011
|
| 080 |
|
|
|a (051)-048.55
|2 2011
|
| 245 |
0 |
0 |
|a Mesačný prehľad meteorologických pozorovaní, vodných stavov a prietokov
|
| 246 |
1 |
1 |
|a Monatsbericht über die meteorologischen Beobachtungen, Flußwasserstände u. Abflüsse
|
| 260 |
|
|
|a Bratislava
|b Štátny hydrologický a meteorologický ústav
|c 1940-1941
|
| 300 |
|
|
|a 2 zv.
|b mapy, tab.
|c 41 cm
|
| 310 |
|
|
|a 1x mesačne
|
| 362 |
0 |
|
|a Roč. I, č. 1 (1940)-roč. II, č. 12 (1941)
|
| 500 |
|
|
|a Rozmnož. cyklostylom
|
| 546 |
|
|
|a Text aj v nem.
|
| 650 |
0 |
7 |
|a hydrometeorológia
|2 SNKPH
|9 855
|
| 650 |
0 |
7 |
|a meteorológia
|2 SNKPH
|9 873
|
| 655 |
|
7 |
|a odborné časopisy
|2 SNKPH
|9 70505
|
| 655 |
|
7 |
|a tabuľky
|2 SNKPH
|9 70234
|
| 655 |
|
7 |
|a špecializované časopisy
|2 SNKPH
|9 70509
|
| 710 |
2 |
|
|a Štátny hydrologický a meteorologický ústav (Bratislava)
|4 pbl
|9 272083
|
| 910 |
|
|
|a snk
|
| 958 |
|
|
|a OND
|
| 999 |
|
|
|c 8328
|d 10258
|
| 952 |
|
|
|0 0
|1 0
|4 0
|7 0
|a SNK
|b SNK
|d 2018-06-04
|i snk 2035/43
|l 0
|o snkČSA 199/1/1940
|p 17A0722976
|r 2026-02-21 22:12:55
|t č. 1-12 + príl.
|w 2026-02-21
|y PREZ
|z Príl.: pri každom čísle mapy zrážok
|
| 952 |
|
|
|0 0
|1 0
|4 0
|7 0
|a SNK
|b SNK
|d 2018-06-04
|i snk 2067/43
|l 0
|o snkČSA 199/2/1941
|p 17A0723041
|r 2026-02-21 22:12:55
|t č. 1-12 + príl.
|w 2026-02-21
|y PREZ
|z Príl.: pri každom čísle mapy zrážok
|